| 000 | 00567nam a2200181 a 4500 | ||
|---|---|---|---|
| 005 | 20240919063724.0 | ||
| 008 | 991125s1957 mx 000 0 spa u | ||
| 035 | _aUPN01000018268 | ||
| 049 | _aSEP | ||
| 050 | 4 |
_aLA422 _bC4.4a |
|
| 100 | 1 |
_aCeniceros Andonegui, José Angel, _d1900-1979 _930136 |
|
| 245 | 1 | 0 |
_aEducación y mexicanidad : _bdiscursos, páginas cívicas / _cJosé Angel Ceniceros. |
| 260 |
_aMéxico : _b[s.n.], _c1957. |
||
| 300 | _a183 p. | ||
| 650 | 4 |
_aEducación _zMéxico _xHistoria _9187 |
|
| 651 | 4 |
_aMéxico _xCivilización _95406 |
|
| 905 | _aLibro | ||
| 999 |
_c18268 _d18268 |
||